Micro Newton Thruster Development Direct Thrust Measurements and Thruster Downscaling /

Franz Georg Hey summarises the development and testing of a micro-Newton thrust balance, as well as the downscaling of a High Efficiency Multistage Plasma Thruster to micro-Newton thrust levels. The balance is tailored to fully characterise thruster candidates for the space based gravitational wave...

Πλήρης περιγραφή

Λεπτομέρειες βιβλιογραφικής εγγραφής
Κύριος συγγραφέας: Hey, Franz Georg (Συγγραφέας, http://id.loc.gov/vocabulary/relators/aut)
Συγγραφή απο Οργανισμό/Αρχή: SpringerLink (Online service)
Μορφή: Ηλεκτρονική πηγή Ηλ. βιβλίο
Γλώσσα:English
Έκδοση: Wiesbaden : Springer Fachmedien Wiesbaden : Imprint: Springer Vieweg, 2018.
Έκδοση:1st ed. 2018.
Θέματα:
Διαθέσιμο Online:Full Text via HEAL-Link
LEADER 03339nam a2200469 4500
001 978-3-658-21209-4
003 DE-He213
005 20191025121800.0
007 cr nn 008mamaa
008 180301s2018 gw | s |||| 0|eng d
020 |a 9783658212094  |9 978-3-658-21209-4 
024 7 |a 10.1007/978-3-658-21209-4  |2 doi 
040 |d GrThAP 
050 4 |a TL787-4050.22 
050 4 |a TC1-1800 
072 7 |a TRP  |2 bicssc 
072 7 |a TEC002000  |2 bisacsh 
072 7 |a TRP  |2 thema 
072 7 |a TTDS  |2 thema 
082 0 4 |a 629.1  |2 23 
100 1 |a Hey, Franz Georg.  |e author.  |4 aut  |4 http://id.loc.gov/vocabulary/relators/aut 
245 1 0 |a Micro Newton Thruster Development  |h [electronic resource] :  |b Direct Thrust Measurements and Thruster Downscaling /  |c by Franz Georg Hey. 
250 |a 1st ed. 2018. 
264 1 |a Wiesbaden :  |b Springer Fachmedien Wiesbaden :  |b Imprint: Springer Vieweg,  |c 2018. 
300 |a XVII, 171 p. 91 illus., 20 illus. in color.  |b online resource. 
336 |a text  |b txt  |2 rdacontent 
337 |a computer  |b c  |2 rdamedia 
338 |a online resource  |b cr  |2 rdacarrier 
347 |a text file  |b PDF  |2 rda 
505 0 |a Electric Propulsion Fundamentals: Thrust Measurement Fundamentals, HEMPT Physics -- Micro-Newton Thruster Test Facility Development -- Micro-Newton Thrust Balance Development -- High Efficiency Multistage Plasma Thruster Downscaling. 
520 |a Franz Georg Hey summarises the development and testing of a micro-Newton thrust balance, as well as the downscaling of a High Efficiency Multistage Plasma Thruster to micro-Newton thrust levels. The balance is tailored to fully characterise thruster candidates for the space based gravitational wave detector LISA. Thus, thrust noise measurements in sub-micro-Newton regime can be performed in the overall LISA bandwidth. The downscaled thruster can be operated down to serval tens of micro-Newton with a comparably high specific impulse. Contents Electric Propulsion Fundamentals: Thrust Measurement Fundamentals, HEMPT Physics Micro-Newton Thruster Test Facility Development Micro-Newton Thrust Balance Development High Efficiency Multistage Plasma Thruster Downscaling Target Groups Scientists and students in the field of aerospace research Satellite and thruster integrators, electric propulsion and gravitational wave detector community About the Author Franz Georg Hey works as mechanical, thermal, propulsion architect and technical lead of the micro Newton propulsion laboratory of Europe's leading air and spacecraft manufacturer. The author is participating on major programmes for future satellite and electric propulsion development. The author's research is performed in close collaboration with the Dresden University of Technology, the University of Bremen and the DLR Bremen. 
650 0 |a Aerospace engineering. 
650 0 |a Astronautics. 
650 1 4 |a Aerospace Technology and Astronautics.  |0 http://scigraph.springernature.com/things/product-market-codes/T17050 
710 2 |a SpringerLink (Online service) 
773 0 |t Springer eBooks 
776 0 8 |i Printed edition:  |z 9783658212087 
776 0 8 |i Printed edition:  |z 9783658212100 
776 0 8 |i Printed edition:  |z 9783658248659 
856 4 0 |u https://doi.org/10.1007/978-3-658-21209-4  |z Full Text via HEAL-Link 
912 |a ZDB-2-ENG 
950 |a Engineering (Springer-11647)